000 03329nam a22002777a 4500
003 GR-AtMCL
005 20250724114833.0
006 a|||||r|||||||||||
008 101026s2008||||gr |||e ||| 000 gre #
020 _a9789604116454
040 _aGRAtEVE
_bgre
_dGR-AtMCL
_eAACR2
041 1 _heng
100 _aSavitch, Walter J.,
_d1943-
245 1 0 _aΑπόλυτη Java TM /
_cWalter Savitch ; μετάφραση Άννα Στειακάκη ; επιμέλεια Δημήτρης Ιακωβίδης
260 _aΑθήνα :
_bΊων,
_cc2008
300 _aXXXII,1218σ. ;
_c25εκ.
500 _aΤίτλος πρωτοτύπου: Absolute Java
520 _aΤο βιβλίο αυτό σχεδιάστηκε με στόχο να χρησιμοποιηθεί τόσο ως εγχειρίδιο όσο και ως βοήθημα για τον προγραμματισμό σε γλώσσα Java. Αν και περιλαμβάνει προγραμματιστικές τεχνικές έχει στοιχειοθετηθεί γύρω από τα χαρακτηριστικά της γλώσσας Java περισσότερο από οποιοδήποτε συγκεκριμένο πρόγραμμα διδασκαλίας τεχνικών προγραμματισμού. Το κύριο αναγνωστικό κοινό για το οποίο γράφτηκε αυτό το βιβλίο είναι οι προπτυχιακοί φοιτητές οι οποίοι δεν έχουν μεγάλη προγραμματιστική εμπειρία σε γλώσσα Java. Υπό τους όρους αυτούς, θα μπορούσε να αποτελέσει το καταλληλότερο κείμενο ή βοήθημα είτε για ένα αρχικό μάθημα προγραμματισμού σε Java, είτε αργότερα για ένα πιο εξελιγμένο μάθημα πληροφορικής στο οποίο χρησιμοποιείται η Java. Αυτό το βιβλίο σχεδιάστηκε για να εξυπηρετήσει τις ανάγκες ενός μεγάλου φάσματος χρηστών. Τα πρώτα κεφάλαια έχουν γραφτεί σε επίπεδο προσιτό για τους αρχάριους, ενώ οι ενότητες που βρίσκονται στα ειδικά πλαίσια των κεφαλαίων αυτών ανταποκρίνονται άμεσα στην ανάγκη των πιο έμπειρων προγραμματιστών να γνωρίσουν τη βασική σύνταξη της γλώσσας Java. Τα μετέπειτα κεφάλαια έχουν επίσης σχεδιαστεί με εξίσου προσιτό τρόπο, όμως είναι γραμμένα σε επίπεδο που είναι κατάλληλο για φοιτητές που έχουν ήδη σημειώσει κάποια πρόοδο σε αυτές τις πιο προχωρημένες θεματικές ενότητες.
650 0 7 _aJava (Γλώσσα προγραμματισμού)
650 0 0 _aΠληροφορική
_99850
650 0 0 _aComputing
_99851
700 1 _aΣτειακάκη, Άννα
_4730
700 1 _aΙακωβίδης, Δημήτρης
_4340
942 _cBK
999 _c9818
_d9818